[Event "Sao Paulo op-A U2300 4th"]
[Site "Sao Paulo"]
[Date "2016.03.25"]
[Round "2"]
[White "Queiroz, Alberto Becker"]
[Black "Medeiros, Thauane Ferreira"]
[Result "1-0"]
[WhiteElo "2175"]
[BlackElo "1961"]
[PlyCount "77"]
[EventDate "2016.03.24"]
[EventType "swiss"]
[EventRounds "7"]
[EventCountry "BRA"]
[SourceTitle "CBM 171 Extra"]
[Source "ChessBase"]
[SourceDate "2016.04.26"]
[SourceVersion "1"]
[SourceVersionDate "2016.04.26"]
[SourceQuality "1"]

1. e4 c5 2. b3 d6 3. Bb2 Nf6 4. Nc3 g6 5. Nd5 Bg7 6. Bb5+ Nbd7 7. Nxf6+ exf6 8. Ne2 0-0 9. 0-0 Re8 10. d3 a6 11. Bxd7 Bxd7 12. Nf4 Bc6 13. c4 f5 14. Bxg7 Kxg7 15. f3 Qf6 16. Qe1 Qd4+ 17. Qf2 Qxf2+ 18. Kxf2 Kf6 19. Rfe1 Re7 20. Re3 Rae8 21. Rae1 Re5 22. Nd5+ Bxd5 23. f4 R5e7 24. exd5 Rxe3 25. Rxe3 Rxe3 26. Kxe3 b6 27. a3 a5 28. d4 Ke7 29. Kd3 Kd7 30. Kc3 Kc7 31. b4 a4 32. dxc5 dxc5 33. bxc5 bxc5 34. Kd3 Kd6 35. Ke3 f6 36. Kf3 h5 37. Kg3 g5 38. fxg5 fxg5 39. h4 1-0

[Event "Sao Paulo Freitas Memorial"]
[Site "Sao Paulo"]
[Date "2015.10.12"]
[Round "5"]
[White "Crespo de Oliveira, Lucas"]
[Black "Queiroz, Alberto Becker"]
[Result "1-0"]
[WhiteElo "2191"]
[BlackElo "2152"]
[PlyCount "131"]
[EventDate "2015.10.10"]
[EventType "swiss"]
[EventRounds "6"]
[EventCountry "BRA"]
[SourceTitle "CBM 168 Extra"]
[Source "ChessBase"]
[SourceDate "2015.10.29"]
[SourceVersion "1"]
[SourceVersionDate "2015.10.29"]
[SourceQuality "1"]

1. e4 c6 2. d4 d5 3. e5 Bf5 4. Nd2 Qb6 5. Nb3 e6 6. Be3 Ne7 7. a4 Nd7 8. Nf3 Bg4 9. Bd3 Qc7 10. 0-0 f6 11. Bf4 fxe5 12. dxe5 c5 13. c4 d4 14. Nbd2 Nc6 15. h3 Bxf3 16. Nxf3 Be7 17. Ng5 Bxg5 18. Qh5+ Kf8 19. Qxg5 Qd8 20. Qg3 Kf7 21. Bg5 Qg8 22. f4 g6 23. Be4 Qg7 24. Ra3 Rhc8 25. Qh4 Kg8 26. g4 Rc7 27. Raf3 Re8 28. Kh1 Rcc8 29. Bh6 Qe7 30. Bg5 Qg7 31. Kh2 Nd8 32. Bh6 Qe7 33. Bg5 Qg7 34. Rb3 b6 35. Bh6 Qe7 36. Bg5 Qg7 37. a5 Nf7 38. Bf6 Qh6 39. Qxh6 Nxh6 40. axb6 Nxb6 41. Bd3 Rc7 42. Ra3 Rb8 43. b3 Nc8 44. Be4 Kf7 45. Bg5 Kg7 46. Rfa1 Ng8 47. Kg2 Nge7 48. Kf3 Nc6 49. Bf6+ Kf7 50. f5 N8e7 51. fxg6+ hxg6 52. h4 a5 53. h5 gxh5 54. gxh5 Nf5 55. Rg1 Nce7 56. Kf4 Rcc8 57. Rxa5 Rxb3 58. Ra7 Re8 59. Bxf5 exf5 60. Rg7+ Kf8 61. Rgxe7 Rxe7 62. Rxe7 Rh3 63. Kxf5 Rxh5+ 64. Ke6 d3 65. Rd7 Kg8 66. Rxd3 1-0

[Event "Sao Paulo Freitas Memorial"]
[Site "Sao Paulo"]
[Date "2015.10.12"]
[Round "6"]
[White "Queiroz, Alberto Becker"]
[Black "De Moura, Sergio Jovelino"]
[Result "1-0"]
[WhiteElo "2152"]
[BlackElo "2043"]
[PlyCount "115"]
[EventDate "2015.10.10"]
[EventType "swiss"]
[EventRounds "6"]
[EventCountry "BRA"]
[SourceTitle "CBM 168 Extra"]
[Source "ChessBase"]
[SourceDate "2015.10.29"]
[SourceVersion "1"]
[SourceVersionDate "2015.10.29"]
[SourceQuality "1"]

1. e4 c5 2. Nf3 d6 3. Bb5+ Nd7 4. d4 cxd4 5. Qxd4 e5 6. Qd3 h6 7. 0-0 Ngf6 8. c4 a6 9. Bxd7+ Bxd7 10. Nc3 Rc8 11. b3 b5 12. cxb5 Qa5 13. Bd2 Bxb5 14. Nxb5 Qxb5 15. Qe3 Qb7 16. Rac1 Rxc1 17. Rxc1 Be7 18. Ba5 0-0 19. Nd2 Rc8 20. Rxc8+ Qxc8 21. Qc3 Qg4 22. f3 Qg5 23. Qc8+ Bf8 24. Qxa6 d5 25. Qe2 Nh5 26. g3 Nf4 27. Qf1 d4 28. Kh1 Ne6 29. Nc4 Qh5 30. Bd2 f5 31. Qe2 fxe4 32. Qxe4 Qh3 33. Qe2 e4 34. fxe4 Nc5 35. Kg1 d3 36. Qf3 Qe6 37. Qf5 Qa6 38. Qd5+ Kh7 39. Qf7 Qa8 40. Qf5+ Kh8 41. Ne5 Nxe4 42. Ng6+ Kg8 43. Qe6+ Kh7 44. Nxf8+ Kh8 45. Ng6+ Kh7 46. Nf8+ Kh8 47. Qf5 Kg8 48. Qf3 Qxa2 49. Ne6 Qa1+ 50. Kg2 Nxd2 51. Qxd3 Qb2 52. Qd8+ Kf7 53. Qd7+ Kg6 54. Nf8+ Kg5 55. h4+ Kh5 56. Qf5+ g5 57. g4+ Kxh4 58. Ng6# 1-0

[Event "Cordeiropolis Freitas Levy Memorial"]
[Site "Cordeiropolis"]
[Date "2015.05.23"]
[Round "4"]
[White "Queiroz, Alberto Becker"]
[Black "Cubas, Jose Fernando"]
[Result "0-1"]
[WhiteElo "2164"]
[BlackElo "2464"]
[PlyCount "116"]
[EventDate "2015.05.22"]
[EventType "swiss"]
[EventRounds "6"]
[EventCountry "BRA"]
[SourceTitle "CBM 166 Extra"]
[Source "ChessBase"]
[SourceDate "2015.06.18"]
[SourceVersion "1"]
[SourceVersionDate "2015.06.18"]
[SourceQuality "1"]

1. e4 c5 2. Nf3 d6 3. Bb5+ Bd7 4. Bxd7+ Qxd7 5. 0-0 Nc6 6. Qe2 Nf6 7. Rd1 Rc8 8. c3 e6 9. d4 cxd4 10. cxd4 d5 11. e5 Ne4 12. Nc3 Nxc3 13. bxc3 Na5 14. Rd3 Be7 15. Bf4 h6 16. h4 Kd8 17. Nd2 Qb5 18. Rb1 Qa6 19. Qf3 g5 20. Bh2 g4 21. Qg3 h5 22. Re3 Rc7 23. f4 Kc8 24. f5 Kb8 25. f6 Bf8 26. Qf2 Bh6 27. Bf4 Bxf4 28. Qxf4 Nc4 29. Nxc4 Qxa2 30. Rb4 Rxc4 31. Rxc4 Qxc4 32. Qg5 Qc8 33. Kh2 b5 34. Rg3 Qf8 35. Qd2 Kb7 36. Qb2 a6 37. Re3 Qh6 38. Rd3 Rc8 39. Kg3 Rc4 40. Qa3 Qh7 41. Rd2 Qb1 42. Ra2 Rxc3+ 43. Qxc3 Qxa2 44. Qc5 Qc4 45. Qe7+ Qc7 46. Kf4 a5 47. Kg5 b4 48. Kh6 b3 49. Qa3 Qc2 50. Qe7+ Qc7 51. Qa3 Qb6 52. Qb2 Qb4 53. Kg7 a4 54. Kxf7 a3 55. Qb1 a2 56. Qh7 a1Q 57. Kxe6+ Kb6 58. f7 Qa7 0-1

[Event "BRA-ch Amateur"]
[Site "Sao Paulo"]
[Date "2015.04.03"]
[Round "6"]
[White "Fonseca, Luis Ernesto Serra"]
[Black "Queiroz, Alberto Becker"]
[Result "1-0"]
[WhiteElo "2038"]
[BlackElo "2164"]
[PlyCount "135"]
[EventDate "2015.04.30"]
[EventType "swiss"]
[EventRounds "7"]
[EventCountry "BRA"]
[SourceTitle "EXT 2022"]
[Source "ChessBase"]
[SourceDate "2021.10.06"]
[SourceVersion "1"]
[SourceVersionDate "2021.10.06"]
[SourceQuality "1"]

1. e4 c6 2. d4 d5 3. Nc3 dxe4 4. Nxe4 Nd7 5. Nf3 Ngf6 6. Nxf6+ Nxf6 7. Bc4 Bf5 8. 0-0 e6 9. Re1 Be7 10. c3 0-0 11. a4 c5 12. Qb3 Qc7 13. Bg5 Rac8 14. d5 exd5 15. Bxd5 Nxd5 16. Qxd5 Bxg5 17. Qxf5 Bf6 18. Re4 Qc6 19. Rae1 Rcd8 20. Ne5 Bxe5 21. Qxe5 Rd2 22. Rc4 Rxb2 23. Rxc5 Qxa4 24. Qe7 g6 25. Qf6 Qe4 26. Re5 Qc6 27. Qxc6 bxc6 28. Rc5 Ra8 29. Rxc6 a5 30. Rc4 a4 31. Rb4 Rxb4 32. cxb4 Rb8 33. Rb1 Kf8 34. Kf1 Ke7 35. Ke2 Kd6 36. Kd3 Kd5 37. Rb2 f5 38. Kc3 Rc8+ 39. Kd3 Rb8 40. Kc3 Kc6 41. Kc4 Kb6 42. b5 Ka5 43. b6 Rxb6 44. Rxb6 Kxb6 45. Kb4 Kc6 46. Kxa4 Kd5 47. Kb3 Ke4 48. Kc3 f4 49. Kd2 f3 50. g3 Kd4 51. Kc2 h6 52. Kd2 h5 53. h4 Ke4 54. Kc3 Kf5 55. Kd4 g5 56. hxg5 Kxg5 57. Ke4 Kg4 58. Ke3 Kg5 59. Kxf3 Kf5 60. Ke3 Kg4 61. Ke4 Kg5 62. f4+ Kg4 63. f5 Kxg3 64. f6 h4 65. f7 h3 66. f8Q Kh2 67. Kf3 Kh1 68. Qg7 1-0

[Event "Sao Paulo op-A 2nd"]
[Site "Sao Paulo"]
[Date "2015.02.07"]
[Round "4"]
[White "Cristobal, Manuel"]
[Black "Queiroz, Alberto Becker"]
[Result "1-0"]
[WhiteElo "2202"]
[BlackElo "2139"]
[PlyCount "77"]
[EventDate "2015.02.05"]
[EventType "swiss"]
[EventRounds "6"]
[EventCountry "BRA"]
[SourceTitle "CBM 164 Extra"]
[Source "ChessBase"]
[SourceDate "2015.03.02"]
[SourceVersion "1"]
[SourceVersionDate "2015.03.02"]
[SourceQuality "1"]

1. e4 c6 2. Ne2 d5 3. e5 Bf5 4. Nd4 Bd7 5. e6 fxe6 6. Qh5+ g6 7. Qe5 Nf6 8. Nxe6 Bxe6 9. Qxe6 Qd7 10. Qe2 Bg7 11. d4 0-0 12. g3 Ne4 13. Be3 c5 14. c3 cxd4 15. cxd4 Nc6 16. Qd1 Nxf2 17. Bxf2 Rxf2 18. Kxf2 Bxd4+ 19. Kg2 Rf8 20. Rg1 Qe6 21. Nc3 Qe3 22. Bd3 Rf2+ 23. Kh1 Rd2 24. Qg4 Bxc3 25. Rae1 Qxd3 26. bxc3 Qc2 27. Qh3 Qf5 28. g4 Qg5 29. Rgf1 e5 30. Qf3 Qe7 31. g5 e4 32. Qg4 Ne5 33. Qc8+ Kg7 34. Rf6 Nf7 35. h4 e3 36. Re6 Qf8 37. Re8 Qxe8 38. Qxe8 Rxa2 39. Rxe3 1-0

[Event "Sao Paulo op-A 2nd"]
[Site "Sao Paulo"]
[Date "2015.02.06"]
[Round "2"]
[White "Queiroz, Alberto Becker"]
[Black "Sztokbant, Bernardo Vainzoff"]
[Result "1-0"]
[WhiteElo "2139"]
[BlackElo "2252"]
[PlyCount "75"]
[EventDate "2015.02.05"]
[EventType "swiss"]
[EventRounds "6"]
[EventCountry "BRA"]
[SourceTitle "CBM 164 Extra"]
[Source "ChessBase"]
[SourceDate "2015.03.02"]
[SourceVersion "1"]
[SourceVersionDate "2015.03.02"]
[SourceQuality "1"]

1. e4 e5 2. f4 exf4 3. Bc4 Nf6 4. Nc3 d5 5. Bxd5 Bb4 6. Nge2 c6 7. Bb3 0-0 8. 0-0 Bg4 9. Rxf4 Bd6 10. Rf1 c5 11. d3 Nc6 12. Qe1 Be5 13. Qh4 Nd4 14. Nxd4 cxd4 15. Nd5 Be6 16. Bg5 Bxd5 17. Bxd5 Rc8 18. Bb3 Qd6 19. Rf5 h6 20. Bd2 Rc7 21. a3 Nd7 22. Raf1 Nc5 23. Rxe5 Qxe5 24. Bf4 Qe7 25. Qxe7 Rxe7 26. Bd6 Nxb3 27. Bxe7 Re8 28. Bb4 a5 29. Bd6 Nd2 30. Rd1 Nxe4 31. dxe4 Rxe4 32. Kf2 b6 33. Kf3 f5 34. Bc7 Re3+ 35. Kf2 Re6 36. Rd2 Kf7 37. b3 g5 38. Rxd4 1-0

[Event "Itajuba 1st"]
[Site "Itajuba"]
[Date "2015.01.31"]
[Round "6"]
[White "Rodrigues, Tiago Pereira"]
[Black "Queiroz, Alberto Becker"]
[Result "0-1"]
[WhiteElo "2169"]
[BlackElo "2111"]
[PlyCount "132"]
[EventDate "2015.01.29"]
[EventType "tourn"]
[EventRounds "9"]
[EventCountry "BRA"]
[SourceTitle "CBM 164 Extra"]
[Source "ChessBase"]
[SourceDate "2015.03.02"]
[SourceVersion "1"]
[SourceVersionDate "2015.03.02"]
[SourceQuality "1"]

1. e4 c6 2. Nf3 d5 3. exd5 cxd5 4. Ne5 Nf6 5. d4 Nc6 6. Bb5 Bd7 7. Nxd7 Qxd7 8. c3 a6 9. Bd3 Qc7 10. 0-0 e6 11. Qe2 Bd6 12. f4 0-0 13. Be3 Ne4 14. Nd2 f5 15. c4 g5 16. cxd5 exd5 17. Bxe4 fxe4 18. Qg4 Kh8 19. Qxg5 Qf7 20. g3 Rg8 21. Qh4 Qf5 22. Kh1 Rg6 23. Rg1 Rag8 24. Raf1 Be7 25. g4 Bxh4 26. gxf5 Rxg1+ 27. Bxg1 Rf8 28. Nb3 Rxf5 29. Kg2 Nb4 30. Kh3 Be7 31. Kg4 Rf8 32. Nc1 Kg7 33. a3 Nc6 34. Ne2 Kf6 35. Be3 Rg8+ 36. Kh3 Bd8 37. Rc1 Bb6 38. b4 Ne7 39. Ng3 Rc8 40. Rxc8 Nxc8 41. Kg4 Nd6 42. f5 Nc4 43. Nh5+ Kf7 44. Bg1 Bc7 45. a4 Nb2 46. Ng3 Bxg3 47. hxg3 Nxa4 48. Kf4 Nc3 49. Ke5 b6 50. Bf2 a5 51. bxa5 bxa5 52. Kf4 Nd1 53. Be1 a4 54. Bb4 Nb2 55. Bd6 Nc4 56. Bb4 a3 57. g4 a2 58. Bc3 h6 59. Kg3 Na3 60. Kh4 Nc2 61. Kh5 Kg7 62. f6+ Kxf6 63. Kxh6 Kf7 64. Kh7 Ne3 65. g5 Nf5 66. g6+ Ke6 0-1

[Event "Florianopolis op"]
[Site "Florianopolis"]
[Date "2015.01.16"]
[Round "6"]
[White "Queiroz, Alberto Becker"]
[Black "Fuck, Vinicius Rios"]
[Result "1-0"]
[WhiteElo "2111"]
[BlackElo "1887"]
[PlyCount "109"]
[EventDate "2015.01.14"]
[EventType "swiss"]
[EventRounds "10"]
[EventCountry "BRA"]
[SourceTitle "CBM 164 Extra"]
[Source "ChessBase"]
[SourceDate "2015.03.02"]
[SourceVersion "1"]
[SourceVersionDate "2015.03.02"]
[SourceQuality "1"]

1. e4 e5 2. f4 d5 3. exd5 e4 4. d3 exd3 5. Qxd3 Nf6 6. Nc3 Be7 7. Nf3 0-0 8. Be2 Nbd7 9. Be3 Nc5 10. Qc4 Ncd7 11. 0-0-0 a6 12. Ne5 Bd6 13. Bd4 b5 14. Qd3 Nc5 15. Qe3 b4 16. Nc6 Qe8 17. Bxc5 bxc3 18. Qxe8 Rxe8 19. Bxd6 cxd6 20. Bf3 cxb2+ 21. Kxb2 Bg4 22. Bxg4 Nxg4 23. Rd2 Kf8 24. c4 Re4 25. c5 Ne3 26. Kc3 Ke8 27. cxd6 Nf5 28. Rdd1 Nxd6 29. Rhe1 f5 30. g4 g6 31. gxf5 gxf5 32. Rxe4+ fxe4 33. Kd4 Kd7 34. Rg1 Nf5+ 35. Kc5 Rf8 36. Rb1 Nd6 37. Rb6 Kc7 38. Na5 Rf6 39. Rc6+ Kd7 40. Nc4 e3 41. Nxe3 Ne4+ 42. Kd4 Rxf4 43. Ke5 Rh4 44. Rc4 Rxh2 45. Rxe4 Rxa2 46. Rh4 h5 47. Rxh5 Re2 48. Rh7+ Kc8 49. Kd4 a5 50. Nc4 Ra2 51. Ra7 a4 52. Nb6+ Kb8 53. Rxa4 Rh2 54. Ra7 Rh6 55. Kc5 1-0

[Event "Pan American-ch U20"]
[Site "Asuncion"]
[Date "2014.06.26"]
[Round "7"]
[White "Vazquez, Guillermo"]
[Black "Queiroz, Alberto Becker"]
[Result "1-0"]
[WhiteElo "2330"]
[BlackElo "2136"]
[PlyCount "63"]
[EventDate "2014.06.21"]
[EventType "swiss"]
[EventRounds "9"]
[EventCountry "PAR"]
[SourceTitle "CBM 161 Extra"]
[Source "ChessBase"]
[SourceDate "2014.08.29"]
[SourceVersion "1"]
[SourceVersionDate "2014.08.29"]
[SourceQuality "1"]

1. e4 c6 2. d4 d5 3. e5 Bf5 4. Be3 e6 5. Nd2 h5 6. Ngf3 h4 7. c4 Na6 8. Qb3 Qb6 9. a3 dxc4 10. Qc3 Qd8 11. Nxc4 Nc7 12. Bg5 Qd5 13. Ne3 Qd7 14. Nxf5 exf5 15. Bxh4 Ne6 16. 0-0-0 Rh5 17. d5 cxd5 18. Qb3 a6 19. Rxd5 Qc6+ 20. Kb1 g5 21. Bxg5 Nxg5 22. Nd4 Qc7 23. Bb5+ axb5 24. Qxb5+ Ke7 25. Nxf5+ Ke6 26. Nd4+ Ke7 27. Rc1 Qxc1+ 28. Kxc1 Rc8+ 29. Kb1 Rc7 30. e6 Nxe6 31. Rxh5 Nxd4 32. Qb4+ 1-0

[Event "Pan American-ch U20"]
[Site "Asuncion"]
[Date "2014.06.23"]
[Round "4"]
[White "Bueno Gauna, Christian Alejandro"]
[Black "Queiroz, Alberto Becker"]
[Result "1/2-1/2"]
[WhiteElo "2052"]
[BlackElo "2136"]
[PlyCount "102"]
[EventDate "2014.06.21"]
[EventType "swiss"]
[EventRounds "9"]
[EventCountry "PAR"]
[SourceTitle "CBM 161 Extra"]
[Source "ChessBase"]
[SourceDate "2014.08.29"]
[SourceVersion "1"]
[SourceVersionDate "2014.08.29"]
[SourceQuality "1"]

1. e4 c6 2. d4 d5 3. e5 Bf5 4. Nf3 e6 5. Be2 Ne7 6. 0-0 Nd7 7. Nbd2 Rc8 8. Nb3 Bg6 9. Bd2 Nf5 10. Na5 Qb6 11. Nb3 Qc7 12. g4 Ne7 13. Bb4 h5 14. h3 hxg4 15. hxg4 Be4 16. Bd3 Ng6 17. Bxf8 Kxf8 18. Re1 Nf6 19. Nc5 Bxd3 20. Qxd3 Nf4 21. Qa3 Kg8 22. exf6 gxf6 23. Qe3 Rh3 24. Nd3 Ng6 25. Kg2 Rh7 26. Rh1 Rxh1 27. Rxh1 Kf8 28. g5 Qe7 29. gxf6 Qxf6 30. Qg5 Ke7 31. Qxf6+ Kxf6 32. Nfe5 Ne7 33. Rh7 Rg8+ 34. Kf3 Rg7 35. Rh6+ Kg5 36. Rh1 Nf5 37. c3 f6 38. Rg1+ Kh6 39. Rxg7 Kxg7 40. Nd7 Kf7 41. Nf4 b6 42. Nh5 Ke7 43. Ndxf6 c5 44. dxc5 bxc5 45. Ng4 Kd6 46. Kf4 a5 47. Ng3 Nh4 48. Kg5 Nf3+ 49. Kf6 a4 50. Nh6 d4 51. cxd4 cxd4 1/2-1/2

[Event "Sao Paulo op-A U2300"]
[Site "Sao Paulo"]
[Date "2014.04.06"]
[Round "6"]
[White "Pires, Marcos Vinicius Tor"]
[Black "Queiroz, Alberto Becker"]
[Result "1-0"]
[WhiteElo "2226"]
[BlackElo "2119"]
[PlyCount "73"]
[EventDate "2014.04.03"]
[EventType "swiss"]
[EventRounds "6"]
[EventCountry "BRA"]
[SourceTitle "CBM 159 Extra"]
[Source "ChessBase"]
[SourceDate "2014.04.24"]
[SourceVersion "1"]
[SourceVersionDate "2014.04.24"]
[SourceQuality "1"]

1. Nf3 e6 2. c4 d5 3. g3 dxc4 4. Na3 a6 5. Nxc4 b5 6. Ne3 Bb7 7. Bg2 c5 8. a4 Nf6 9. 0-0 Be7 10. axb5 axb5 11. Rxa8 Bxa8 12. Qb3 Qb6 13. Nc4 Bd5 14. Nxb6 Bxb3 15. Nc8 Bf8 16. Na7 b4 17. d3 Nd5 18. e4 Ne7 19. Bf4 Nec6 20. Ra1 f6 21. d4 Kf7 22. Nd2 c4 23. Nxb3 cxb3 24. d5 Nd4 25. dxe6+ Kxe6 26. Bxb8 Bc5 27. Ra6+ Kd7 28. Bh3+ f5 29. Nc6 Rxb8 30. Nxb8+ Kc7 31. Ra5 Bb6 32. Na6+ Kb7 33. Ra4 fxe4 34. Nxb4 Nf3+ 35. Kg2 Bd4 36. Bf5 Nd2 37. Nd3 1-0

[Event "Pocos de Caldas op"]
[Site "Pocos de Caldas"]
[Date "2014.02.14"]
[Round "1"]
[White "Queiroz, Alberto Becker"]
[Black "Da Silva, Robson Batista"]
[Result "1-0"]
[WhiteElo "2122"]
[BlackElo "1673"]
[PlyCount "45"]
[EventDate "2014.02.14"]
[EventType "swiss"]
[EventRounds "6"]
[EventCountry "BRA"]
[SourceTitle "CBM 158 Extra"]
[Source "ChessBase"]
[SourceDate "2014.02.28"]
[SourceVersion "1"]
[SourceVersionDate "2014.02.28"]
[SourceQuality "1"]

1. e4 e6 2. d4 d5 3. Nc3 Nf6 4. Bg5 Be7 5. e5 Nfd7 6. Bxe7 Qxe7 7. Qd2 a6 8. f4 c5 9. Nf3 Nc6 10. Ne2 cxd4 11. Nexd4 Nc5 12. Bd3 Nxd3+ 13. cxd3 Bd7 14. Rc1 Rc8 15. Nxc6 Rxc6 16. 0-0 0-0 17. Nd4 Rcc8 18. Qa5 Qd8 19. Qb4 Bc6 20. f5 Qg5 21. fxe6 fxe6 22. Rxf8+ Rxf8 23. Qxf8+ 1-0

[Event "Porto Alegre Oncolinos op"]
[Site "Porto Alegre"]
[Date "2013.11.17"]
[Round "7"]
[White "Queiroz, Alberto Becker"]
[Black "Menna Barreto, Felipe Kubiaki"]
[Result "1/2-1/2"]
[WhiteElo "2081"]
[BlackElo "2270"]
[PlyCount "153"]
[EventDate "2013.11.14"]
[EventType "swiss"]
[EventRounds "7"]
[EventCountry "BRA"]
[SourceTitle "EXT 2015"]
[Source "ChessBase"]
[SourceDate "2014.11.20"]
[SourceVersion "1"]
[SourceVersionDate "2014.11.20"]
[SourceQuality "1"]

1. e4 e6 2. d4 d5 3. Nc3 dxe4 4. Nxe4 Bd7 5. Nf3 Bc6 6. Bd3 Nd7 7. 0-0 Ngf6 8. Ng3 Bd6 9. Re1 Bxg3 10. hxg3 Bxf3 11. Qxf3 c6 12. b3 0-0 13. Bb2 Re8 14. c4 Qa5 15. Bc3 Qg5 16. Qf4 Qxf4 17. gxf4 g6 18. g3 Red8 19. Bf1 Rac8 20. Bg2 Ne8 21. a4 h5 22. a5 a6 23. Bb4 Ndf6 24. Bc5 Nd6 25. Bf3 Nf5 26. Red1 Nd7 27. Bb4 Nf6 28. Bc3 Ne8 29. Ra2 Rd7 30. Rad2 Rcd8 31. Kg2 Nfd6 32. Bb4 Nf6 33. Bxd6 Rxd6 34. b4 R6d7 35. Kf1 Ne8 36. Ke2 Nf6 37. Kd3 Kf8 38. Kc3 Ke7 39. Bg2 Kd6 40. Rd3 Kc7 41. R1d2 Rh8 42. Rd1 Rdd8 43. Rh1 Ng4 44. Rd2 Nf6 45. f3 Rhg8 46. Rh4 Kd6 47. Rd3 Rg7 48. Re3 Rdg8 49. Rh3 g5 50. fxg5 Rxg5 51. f4 Rg4 52. Bh1 h4 53. gxh4 Rh8 54. h5 Rxh5 55. Rxh5 Nxh5 56. Rh3 Nxf4 57. Bf3 Rg7 58. Rh4 Ng6 59. Rh2 Ne7 60. Rg2 Rh7 61. Bg4 f5 62. Be2 e5 63. dxe5+ Kxe5 64. Bd3 Rh3 65. Re2+ Kf6 66. Kd4 Ng6 67. Rf2 c5+ 68. bxc5 Ne7 69. Kc3 Nc6 70. Rxf5+ Ke6 71. Rd5 Nxa5 72. Rd6+ Ke7 73. Kb4 Nc6+ 74. Ka4 Rh5 75. Rd5 Rh4 76. Rg5 Ke8 77. Kb3 1/2-1/2

[Event "Porto Alegre Oncolinos op"]
[Site "Porto Alegre"]
[Date "2013.11.15"]
[Round "2"]
[White "Queiroz, Alberto Becker"]
[Black "Ribeiro, Allysson"]
[Result "1-0"]
[WhiteElo "2081"]
[BlackElo "1856"]
[PlyCount "61"]
[EventDate "2013.11.14"]
[EventType "swiss"]
[EventRounds "7"]
[EventCountry "BRA"]
[SourceTitle "EXT 2015"]
[Source "ChessBase"]
[SourceDate "2014.11.20"]
[SourceVersion "1"]
[SourceVersionDate "2014.11.20"]
[SourceQuality "1"]

1. e4 e6 2. d4 d5 3. Nc3 Bb4 4. Nge2 dxe4 5. a3 Ba5 6. b4 Bb6 7. Nxe4 Nc6 8. Be3 Nge7 9. c4 a5 10. b5 f5 11. c5 fxe4 12. cxb6 Nb8 13. bxc7 Qxc7 14. Rc1 Qd6 15. Qb3 0-0 16. Ng3 Nd5 17. Nxe4 Qe7 18. Bg5 Qf7 19. Bd3 h6 20. Be3 Nxe3 21. fxe3 Qe7 22. Nf2 Nd7 23. 0-0 Nb6 24. Bb1 Bd7 25. Qd3 g5 26. Ng4 Rxf1+ 27. Rxf1 Qg7 28. Nf6+ Kh8 29. Nh5 Qe7 30. Rf6 Be8 31. Rf8+ 1-0

[Event "Sao Paulo IRT op 3rd"]
[Site "Sao Paulo"]
[Date "2013.09.08"]
[Round "5"]
[White "Queiroz, Alberto Becker"]
[Black "Vasconcelos, Paulo Cesar da S"]
[Result "1-0"]
[WhiteElo "2058"]
[BlackElo "1836"]
[PlyCount "77"]
[EventDate "2013.09.06"]
[EventType "swiss"]
[EventRounds "6"]
[EventCountry "BRA"]
[SourceTitle "CBM 156 Extra"]
[Source "ChessBase"]
[SourceDate "2013.10.22"]
[SourceVersion "1"]
[SourceVersionDate "2013.10.22"]
[SourceQuality "1"]

1. b4 e6 2. Bb2 Nf6 3. b5 b6 4. e3 Bb7 5. f4 Ne4 6. Nf3 a6 7. a4 Be7 8. Bxg7 Rg8 9. Bb2 Bh4+ 10. g3 Bf6 11. c3 Nxg3 12. hxg3 Rxg3 13. Rh3 Bh4 14. Rxg3 Bxg3+ 15. Ke2 Bxf3+ 16. Kxf3 Qh4 17. Na3 h5 18. Ke4 Qh1+ 19. Kd3 d5 20. Kc2 Qe4+ 21. Kc1 h4 22. c4 Qf5 23. Qc2 axb5 24. Qxf5 exf5 25. Nxb5 Na6 26. cxd5 0-0-0 27. a5 Nc5 28. Kc2 bxa5 29. Rxa5 Rxd5 30. Ra8+ Kd7 31. Nc3 Rd6 32. Ba3 Be1 33. Bxc5 Rxd2+ 34. Kb3 Rh2 35. Bb5+ Ke6 36. Re8+ Kf6 37. Nd5+ Kg6 38. Rg8+ Kh6 39. Bf8+ 1-0

[Event "Sao Paulo IRT op 3rd"]
[Site "Sao Paulo"]
[Date "2013.09.07"]
[Round "3"]
[White "Queiroz, Alberto Becker"]
[Black "Santos, Marcus Vinicius M"]
[Result "0-1"]
[WhiteElo "2058"]
[BlackElo "2301"]
[PlyCount "52"]
[EventDate "2013.09.06"]
[EventType "swiss"]
[EventRounds "6"]
[EventCountry "BRA"]
[SourceTitle "CBM 156 Extra"]
[Source "ChessBase"]
[SourceDate "2013.10.22"]
[SourceVersion "1"]
[SourceVersionDate "2013.10.22"]
[SourceQuality "1"]

1. e4 c5 2. Nf3 d6 3. Bb5+ Bd7 4. Bxd7+ Qxd7 5. 0-0 Nc6 6. Qe2 Nf6 7. Rd1 g6 8. c3 Bg7 9. d4 Qg4 10. d5 Ne5 11. Nbd2 0-0 12. h3 Nxf3+ 13. Qxf3 Qxf3 14. gxf3 b5 15. Nb3 a5 16. a4 b4 17. cxb4 axb4 18. Nd2 Nd7 19. Ra2 Nb6 20. b3 c4 21. bxc4 Nxa4 22. Nb3 Nc5 23. Rxa8 Rxa8 24. Nxc5 dxc5 25. f4 Bd4 26. Bd2 Ra1 0-1